00673 2200229 4500001002100000005001700021008004100038035002400079082001100103090001800114100002600132245006400158250001100222260006500233300002900298500003100327650003400358850001500392980001500407985000600422999001500428YOGYA-0209000002334620090227023749.0 ind  0010-020900000023346 a020.92 a020.92bEdd P aEDDY SUSANTO, Pariman aPembinaan kesehatan mental pustakawancPariman Eddy Susanto aCet. 1 aSemarangbBiro Hubungan Masyarakat Sekwilda Jawa Tengahc19. aiv, 293 hlmbilusc21 cm aBibliografi : hlm. 286-287 aPustakawan - Kesehatan mental aYOPDYOG(B) a02-14-2007 a1 a06A0021508